[Event "EST-ch int"]
[Site "Puhajarve"]
[Date "2001.08.08"]
[Round "10"]
[White "Kveinys, Aloyzas"]
[Black "Narva, Jaan"]
[Result "1-0"]
[WhiteElo "2535"]
[BlackElo "2313"]
[Annotator "Tyomkin,D"]
[PlyCount "97"]
[EventDate "2001.08.08"]
[EventType "tourn"]
[EventRounds "11"]
[EventCountry "EST"]
[EventCategory "9"]
[SourceTitle "CBM 085"]
[Source "ChessBase"]
[SourceDate "2001.11.13"]
[SourceVersion "1"]
[SourceVersionDate "2001.11.13"]
[SourceQuality "1"]

1. c4 e6 2. Nc3 d5 3. d4 f5 4. Bf4 Nf6 5. e3 Be7 6. Nf3 O-O 7. Qc2 (7. Bd3 c6 {
-theory;}) 7... c6 8. h3 {[%cal Yg2g4]} Ne4 9. Bd3 {9.Bd3 following by g2-g4
looks pritty strong; Another, more quite plan was tried in following game:} (9.
Be2 b6 10. Ne5 Bb7 11. Nxe4 fxe4 12. O-O c5 $6 13. Bg4 Qc8 14. cxd5 $16 {
1/2-1/2 Soppe,G-Kallio,H/Istanbul TUR 2000/The Week in Chess 314 (78)}) 9...
Nd7 $146 (9... g5 10. Be5 Nd7 11. g4 Bf6 (11... fxg4 12. hxg4 $1 Rxf3 13. Bxe4
dxe4 14. Qxe4 Rf7 15. Qg6+ $1 Kf8 16. Rxh7 $40) 12. gxf5 Bxe5 13. dxe5 exf5 14.
cxd5 cxd5 15. Nxd5 $18 {1-0 Vera,R-Vela Ignacio,J/Coria del Rio 2001/CBM 80
ext (22)}) 10. g4 Ndf6 (10... g5 11. Bh2 fxg4 12. Bxe4 dxe4 13. Ne5 $16) 11.
O-O-O Bd7 $6 (11... Qa5 $5) (11... dxc4 12. Bxc4 Nxc3 13. Qxc3 Nd5 14. Qc2 Nxf4
15. exf4 $16) 12. Ne5 Be8 13. f3 $16 Nxc3 14. Qxc3 Kh8 15. c5 Nd7 16. Qc2 Bg5
17. Bxg5 (17. gxf5 Bxf4 18. exf4 exf5 19. Bxf5 Nxe5 20. dxe5 (20. fxe5 $2 Qg5+
{[%cal Rg5f5]}) 20... Qh4 $132 {white pawns are vulnerable here;}) 17... Qxg5
18. f4 Qf6 19. gxf5 exf5 20. Rhg1 Qe6 21. Rg5 g6 22. h4 Nxe5 23. fxe5 {[%cal
Rh4h5]} h6 24. Rg3 h5 25. Qf2 {The game is actually over for black- only white
can get progress in this position; But white can not break thru the kingside,
and heneeds to open the queenside to get inside;} Rc8 (25... b6 26. Qf4 Kh7 27.
Rdg1) 26. Qf4 Kh7 27. Kb1 $6 {White doesn't need his king over the queenside,
because white has to use queenside to break thru over there;} Bf7 28. Rg5 Rc7
29. Kc1 {[%cal Rg5f5]} (29. Rxf5 $4 gxf5 30. Bxf5+ Bg6 {[%cal Rg6b1]}) 29...
Be8 30. Rdg1 Rd7 31. b4 b5 32. a4 a6 (32... bxa4 33. Ba6 {[%cal Gc1d2]}) 33.
R5g2 Qe7 34. Ra2 Qe6 35. Kb2 $6 {And again white moves it to the wrong
direction- then the king will be transfered to the kingside!} (35. Kd2 $142 {
could saave white some time;}) 35... Rff7 36. Kc3 Rc7 37. Be2 Rg7 38. Bd3 {
White repeated moves with the idea to pass 40 moves and only then to break
thru;} Rgf7 39. Kd2 {White gonna transfer the king to... f4 spot!} Rf8 40. Ke2
Rg7 41. Kf3 Qe7 42. axb5 axb5 43. Qg3 Bd7 44. Kf4 {White king is very safe
here and it helps to block black kingside pawns.} Re8 45. Ra7 Qe6 46. Be2 Ree7
47. Qg5 {[%cal Rg5f6]} Qf7 (47... Bc8 48. Ra5 $16 {[%cal Gg1a1]}) 48. Bd3 Qf8
49. Qf6 {The resignation of black came a little bit early- white has obviously
very big advantage here but he still should make few good moves to win this
game:} (49. Qf6 Qe8 (49... Ref7 50. Qd6 Qd8 51. Rg5 {[%cal Ge5e6]} Qe8 52. Rxd7
$1 Qxd7 (52... Rxd7 53. Qxc6 $18 {[%csl Gb5]}) 53. e6 $18) 50. Rga1 $16 (50.
Rxd7 $2 Qxd7 51. Rxg6 Rxg6 52. Bxf5 Qxf5+ $1 53. Qxf5 Kg7 {[%cal Ge7f7]})) 1-0

[Event "Olympiad-34"]
[Site "Istanbul"]
[Date "2000.10.28"]
[Round "1.1"]
[White "Vaganian, Rafael A"]
[Black "Lodhi, Mahmood"]
[Result "1-0"]
[WhiteElo "2623"]
[BlackElo "2438"]
[Annotator "Tyomkin,D"]
[PlyCount "79"]
[EventDate "2000.10.28"]
[EventType "team-swiss"]
[EventRounds "14"]
[EventCountry "TUR"]
[SourceTitle "EXT 2001"]
[Source "ChessBase"]
[SourceDate "2000.11.22"]
[SourceVersion "1"]
[SourceVersionDate "2000.11.22"]
[SourceQuality "1"]
[WhiteTeam "Armenia"]
[BlackTeam "Pakistan"]
[WhiteTeamCountry "ARM"]
[BlackTeamCountry "PAK"]

1. Nf3 d5 2. d4 c6 3. c4 e6 4. e3 f5 5. Bd3 Nf6 6. O-O Bd6 7. b3 O-O $146 {
The correct move in this position is 7...Qe7, which prevents immediate trade
of dark square bishops. White has a way to change them anyway by a2-a4, but it
leads to the different pawn structure of white on the queenside, and white can
not lead the same plan like in our game.} (7... Qe7 $142 8. Bb2 ({White can
trade dark square bishops anyway, but white structure on the queenside would
be different.} 8. a4 O-O 9. Ba3 Bxa3 10. Nxa3 Ne4 11. Ne5 (11. Nc2 a5 {[%csl
Gb4] and black blocks b4-square.}) 11... Nd7 12. f4 Qb4 {[%csl Yb4] the queen
on b4 is very annoying- white can not create a play over the queenside.} 13. c5
Nxe5 14. fxe5 Bd7 $11 {1/2-1/2 Rasmussen,K-Summerscale,A/Aarhus 1993/EXT 98 
(42)}) 8... O-O 9. Qc1 Nbd7 10. Ba3 c5 11. Nc3 dxc4 12. bxc4 b6 $11 {black has
succesfully finished the opening stage.} 13. e4 $2 {Just wrong count.} cxd4 14.
Bxd6 Qxd6 15. Nb5 Qb8 16. exf5 e5 $19 {0-1 Kovacevic,B-Goloshchapov,A/Zadar
CRO 2000/The Week in Chess 320 (32)}) (7... Ne4 8. Ba3 Bxa3 9. Nxa3 Nd7 10. b4
a6 11. Nc2 O-O 12. a4 Rf6 {[%cal Gf6h6,Yg7g5]} 13. Bxe4 $6 (13. b5 dxc4 $140
14. Bxc4 Nb6 15. Bd3 Nc3 16. Qd2 $16) (13. Qc1 {and like in the main game.})
13... fxe4 14. Nd2 e5 $1 15. cxd5 cxd5 16. dxe5 Nxe5 17. Nxe4 Rh6 18. f3 Be6
$44 {0-1 Neverov,V-Minasian,A/Minsk 1990/CBM 17/[Schussler] (39)}) 8. Ba3 Bxa3
9. Nxa3 Ne4 10. Qc1 {This move is useful in many cases: protection of Na3,
helping to advance pawns on the queenside, moving the queen out of Ne4-c3, and
ever it adds more control over f4 square.} (10. b4 Qe7 {[%cal Ye7a3]}) 10...
Nd7 (10... a5 $5) 11. b4 a6 12. Nc2 Rf6 13. a4 Rh6 14. b5 $14 {White is
clearly faster on the queenside, than black in his attack.} a5 15. bxc6 bxc6
16. cxd5 cxd5 17. Na3 {[%cal Gc1c6]} g5 $2 (17... Nb6 $14) (17... Ba6 18. Bxa6
Rxa6 19. Qc2 $16 {[%cal Gf1c1]}) 18. Qc6 Rb8 (18... Nb6 19. Rab1 $16) 19. Rab1
g4 20. Bxe4 fxe4 21. Rfc1 $6 (21. Ng5 $6 Nb6) (21. Ne5 $142 $1 Nxe5 22. dxe5
Rb4 $8 (22... Rxb1 23. Rxb1 $18) 23. Qa8 $1 $16 {[%cal Rf1c1,Ra8a5]}) 21...
Rxb1 22. Nxb1 gxf3 23. Qxc8 Qxc8 24. Rxc8+ Kf7 25. Rc7 Ke8 26. gxf3 exf3 27.
Rc6 $2 {Here white for some reason has declined the obvious:} (27. Nd2 {
and I didn't find an serious counterplay for black.} Nb6 28. Nxf3 Nxa4 29. Ra7
$18 {[%cal Ra7a5]}) 27... Rg6+ {Black is not worse anymore.} 28. Kf1 e5 29.
Rc8+ Kf7 (29... Ke7 30. Nc3 exd4 31. exd4 Nf6 {[%cal Gg6g2] It looks like
black doesn't risk to lose here too much.}) 30. Rc7 Ke8 {Hard to understand
why black did not push his king forward. Check on c6 is not dangerous for
black.} (30... Ke6 31. Nc3 Rg2 {and black is even better.} 32. Rc6+ Kf5 $15)
31. Nc3 Rh6 32. Nxd5 Rxh2 33. Ke1 Rh1+ (33... exd4 34. exd4 Rh4 $11 {and it
should be draw.}) 34. Kd2 Rh2 $4 (34... Rf1 35. dxe5 {and like the game.}) 35.
dxe5 Rxf2+ 36. Ke1 Re2+ 37. Kd1 $1 {Now black can prevent killing e5-e6 just
by giving up the knight for that pawn.} (37. Kf1 $2 Rd2 $11) 37... Rb2 (37...
Nxe5 38. Re7+ Kd8 39. Rxe5 Ra2 {could give black some practical chances.}) 38.
e6 Nb6 39. Nf6+ Kf8 (39... Kd8 40. Rxh7 {[%cal Ge6e7,Ge7e8] the way is free:}
Nc8 41. Rd7#) 40. Rf7# 1-0

[Event "RUS-ch 54th"]
[Site "Elista"]
[Date "2001.05.03"]
[Round "4"]
[White "Volkov, Sergey"]
[Black "Malakhov, Vladimir"]
[Result "0-1"]
[WhiteElo "2558"]
[BlackElo "2623"]
[Annotator "Tyomkin,D"]
[PlyCount "72"]
[EventDate "2001.04.29"]
[EventType "swiss"]
[EventRounds "9"]
[EventCountry "RUS"]
[SourceTitle "CBM 083"]
[Source "ChessBase"]
[SourceDate "2001.07.05"]
[SourceVersion "1"]
[SourceVersionDate "2001.07.05"]
[SourceQuality "1"]

1. d4 d5 2. c4 e6 3. Nc3 c6 4. e3 f5 5. g4 Nf6 {5...fxg4 looks much more
promising for black:} (5... fxg4 6. Qxg4 Nf6 7. Qg2 c5 8. dxc5 Na6 (8... Qa5 9.
cxd5 exd5 10. Bd2 Qxc5 11. Rc1 Nc6 12. Ne4 Qe7 13. Nxf6+ Qxf6 14. Qxd5 Be6 15.
Qe4 Be7 $44 {1/2-1/2 Golod,V-Kaspi,A/Ramat-Aviv/Modiin ISR 2000/The Week in
Chess 322 (54)}) 9. Bd2 Nxc5 10. Nf3 a6 11. cxd5 b5 $5 (11... exd5 $11) 12. Nd4
b4 13. Nd1 Bb7 14. Bxb4 Nxd5 $2 (14... Bxd5 15. f3 e5 $44 (15... Nb3 $5)) 15.
Bxc5 Bxc5 16. Qxg7 Qa5+ 17. Nc3 O-O-O 18. Nb3 Qb4 19. Nxc5 Qxc5 20. Qe5 $16 {
1-0 Bareev,E-Popov,V/Tomsk RUS 2001/The Week in Chess 341 (31)}) 6. gxf5 exf5
7. cxd5 $6 {From all moves, 7.Qb3 looks the strongest for white;} ({New
fashion is:} 7. Qb3 $5 dxc4 (7... Qb6 $2 8. cxd5 Qxb3 9. axb3 Nxd5 10. Nxd5
cxd5 11. Bg2 Nc6 12. Ne2 Nb4 13. O-O $16 {[%csl Rd5,Rf5]} Be6 14. Nf4 Kf7 15.
Bd2 g5 16. Nxe6 Kxe6 17. Ra5 {[%csl Rd5] 1-0 Yakovich,Y-Alibaev,A/Dubai UAE
2001/The Week in Chess 338 (17) Black loses one of it's pawns;}) (7... Ne4 8.
cxd5 Nxc3 9. bxc3 Qxd5 10. Qxd5 cxd5 11. Bg2 Be6 12. Ne2 Bd6 13. c4 Na6 14.
cxd5 Bf7 15. Rb1 O-O 16. Rxb7 Nb4 17. Nc3 $18 {1-0 Gretarsson,H-Ragnarsson,J/
Reykjavik ISL 2000/The Week in Chess (35)}) 8. Bxc4 Qe7 (8... Bd6 $5 {[%cal
Gd8e7]}) 9. Nf3 b5 10. Be2 Be6 11. Qc2 g6 12. Ng5 Bg8 13. Bf3 h6 14. Nh3 g5 15.
Nxb5 $16 {0-1 Ward,C-Krush,I/Oakham 2000/CBM 75 ext (30)}) (7. Nf3 {Tsesarsky}
Bd6 8. Qb3 dxc4 9. Bxc4 Qe7 10. Ng5 Rf8 11. h4 (11. Bd2 $2 $17 {1-0 Nadanian,
A-Lputian,S/Yerevan 1999/CBM 74/[Tsesarsky] (38)}) 11... b5 12. Bd3 h6 13. Nf3
Be6 14. Qc2 b4 15. Nb1 Bd5 16. Nbd2 $132) 7... Nxd5 $1 {[%cal Gc8e6,Yb8a6,
Ya6c7] Black takes control over central light squares with it's light pieces;}
(7... cxd5 $143 {Tsesarsky} 8. Nh3 Bd6 9. Qf3 Nc6 10. Bb5 (10. Nf4 Nb4 11. Bb5+
Bd7 12. O-O Bxb5 13. Nxb5 Qd7 $11) 10... Be6 11. Rg1 O-O 12. Ng5 Qd7 13. Qg2
Rae8 14. Bd2 $132 {1-0 Portisch,L-Koberl,F/HUN-ch 1963 (43)}) 8. Nge2 Be6 9.
Bg2 $146 (9. Rg1 {Tsesarsky} g6 10. Bg2 Na6 11. Bd2 Nac7 $11 {0-1 Dorfman,
I-Popchev,M/Capablanca Mem-A 1988 (32)}) 9... Na6 {Black leads typical
monouevre for this position- Na6-c7-d5;} 10. O-O Nac7 {[%mdl 4] The only way
for white to remove black from the outpost d5 is to play f3 and e4, but it
would weaken the kingside;} 11. Nxd5 Nxd5 {[%csl Rg1][%cal Gf8d6,Yd8h4]} (11...
Bxd5 $143 12. f3 {[%cal Ge3e4]}) 12. f3 Bd6 $1 {[%csl Rg1][%cal Gd8h4]} 13. e4
Qh4 14. Ng3 (14. e5 Bc7 $17 {[%csl Gd5,Ye6][%cal Ge8c8,Yg7g5,Yg5g4] Black
follows with long castle and an attack over the kingside;}) 14... Nf4 15. d5 (
15. Bxf4 Bxf4 16. d5 O-O-O 17. Qc2 Bd7 18. Qf2 Kb8 $17 {Pair of bishops and
total control over dark squares give black an advantage;}) 15... cxd5 16. exf5
Bf7 17. Re1+ Kf8 $17 {Black king is much safer on f8 than white's;} 18. Be3 h5
$1 {Moving more forces to the attack;} 19. Qd2 Qg5 $1 {[%cal Gh5h4] Setting
free the pass for h-pawn;} 20. Rad1 Kg8 ({It was too early to play:} 20... h4
21. Ne4 dxe4 $140 22. Qxd6+ {That's why black played Kg8 first;}) 21. Qf2 (21.
Bxf4 Bxf4 22. Qd3 h4 23. Ne2 Be3+ 24. Kh1 h3 25. Bf1 Bf2 $19) 21... h4 $19 {
Black gets decisive material advantage;} 22. Ne4 (22. Bxf4 Bxf4 23. Nf1 (23.
Ne2 Be3 $19) 23... h3 $19) 22... dxe4 23. Rxd6 Nh3+ 24. Kf1 Bc4+ 25. Re2 Qe7 (
25... Qxf5 26. Bxh3 Qxh3+ $19) 26. Bxh3 (26. Re6 Bxe6 27. Bxh3 Bc4 $19) 26...
Qxd6 27. Ke1 (27. Kg1 Bxe2 28. Qxe2 Qd3 {and like in the game;}) 27... Bxe2 {
Black has got two exchanges up, and he has to activate it's rooks to finish
the game;} 28. Qxe2 Qd3 29. fxe4 Qxe4 30. Bg2 Qb1+ 31. Kf2 Qxf5+ 32. Kg1 Rh5 (
32... Qb1+ 33. Bf1 Rf8 $19) 33. Qc4+ Kh8 34. Bxb7 Rf8 35. b4 h3 36. Qc1 {
[%tqu "En","Find th fastest win for black","","","h5g5","",10]} Rg5+ $1 {
and black mates in few moves;} 0-1

[Event "RUS-ch m1-2"]
[Site "Elista"]
[Date "1997.05.20"]
[Round "1.2"]
[White "Fominyh, Alexander"]
[Black "Maiorov, Oleg Ivanovich"]
[Result "1-0"]
[WhiteElo "2545"]
[BlackElo "2435"]
[Annotator "Tyomkin,D"]
[PlyCount "109"]
[EventDate "1997.05.19"]
[EventType "k.o."]
[EventRounds "6"]
[EventCountry "RUS"]
[SourceTitle "CBM 059"]
[Source "ChessBase"]
[SourceDate "1997.08.01"]
[SourceVersion "1"]
[SourceVersionDate "1997.08.01"]
[SourceQuality "1"]

1. d4 d5 2. c4 c6 3. Nc3 e6 4. e3 f5 5. f4 Nf6 6. Nf3 Be7 7. Be2 O-O 8. O-O b6
{There are other moves were tried in this position:} (8... Ne4) (8... Bd7) (
8... Nbd7) 9. b3 $5 $146 (9. Qc2 {Tyomkin,D} Bb7 10. cxd5 cxd5 11. Bd2 Nc6 12.
Rfc1 (12. a3 Ne4 13. Rfc1 Rc8 14. Qd1 Qd7 15. Be1 Rc7 16. Rc2 Nxc3 17. Rxc3
Rfc8 18. Rac1 Bd6 19. Qa4 Nb8 20. Qxd7 Nxd7 $10 {Karpov,A-Ivanchuk,V,Tilburg,
1993}) 12... a6 13. Ne5 Rc8 14. Nxc6 Rxc6 15. Qb3 Qd6 16. Na4 Rfc8 $11 {
Li Wenliang-Stangl,M/Beijing Tan Chin Cup 1995/1/2-1/2 (41)}) (9. Ne5 {Tyomkin,
D} Bb7 10. Qc2 Nbd7 $6 (10... c5 $142) 11. cxd5 cxd5 12. Bd2 a6 13. a4 Rc8 14.
Qb3 Nxe5 15. fxe5 $14 {Markotic,B-Serrano Marhuenda,S/St.Cugat op 1992/0-1 (48)
}) 9... Bb7 10. Bb2 Na6 11. Rc1 Nc7 (11... c5 $5) 12. Rc2 $1 {[%cal Gd1c1,
Gf1d1]} Rc8 13. Qc1 Nce8 (13... c5 14. Rd1 cxd4 15. Nxd4 Bc5 16. a3 Qe7 17. b4
$14) 14. Rd1 Nd6 15. Ba3 Nfe4 16. Nxe4 Nxe4 (16... fxe4 17. Ne5 $16) (16...
dxe4 17. Ne5 {[%cal Gc4c5]} c5 18. Rcd2 Qc7 19. dxc5 (19. d5 exd5 20. cxd5 $16
{[%cal Ga3b2]}) 19... bxc5 20. b4 $1 {[%cal Ga3d6]} cxb4 21. Bxb4 $16 {[%csl
Rd6][%cal Gc1a3]}) 17. Bxe7 Qxe7 18. Bd3 $14 Nf6 $2 (18... c5 $142 19. Qa3 (19.
Bxe4 fxe4 20. Ne5 $14) (19. Ne5 cxd4 20. exd4 dxc4) 19... Ba8 20. Ne5 Rc7 {
[%cal Gc5d4]} 21. Bxe4 fxe4 $14 (21... dxe4 $2 22. dxc5 bxc5 23. Rcd2 $18 {
[%cal Gd2d7]})) 19. c5 $16 {()} b5 20. a4 a6 21. Qd2 {[%csl Rb7] White has big
advantage in space,while black can't transfer his B to the >> where white
starts the attack} Qc7 22. h3 Ra8 23. Kh1 g6 24. Rg1 Rf7 25. Ra2 Nd7 26. g4 Rg7
27. Qe1 Qd8 $6 (27... Kh8 {[%cal Ga8g8]} 28. Rag2 Rag8 29. Qh4 {[%cal Gf3g5]})
28. Rag2 Qf6 $2 {Black is losing Pf5 now} (28... fxg4 29. Rxg4 (29. hxg4 $16)
29... Qf6 (29... Nf6 30. Rg5 Qe7 31. Ne5 Nd7 $140 32. Bxg6 $18) 30. h4 {
[%cal Gh4h5] with the strong attack}) 29. gxf5 $18 exf5 30. Nh4 {[%cal Gh4f5]}
Kh8 31. Nxf5 Rgg8 32. Nd6 Bc8 33. f5 Nf8 34. Qf2 (34. Qg3 $5 {[%cal Gg3e5]})
34... Bd7 35. Qf4 Be8 36. h4 (36. Qe5 $6 Qxe5 37. dxe5 Nd7 {[%csl Rc5,Re5]})
36... Rg7 37. h5 g5 38. Rxg5 Rxg5 39. Qxg5 Qxg5 40. Rxg5 {[%csl Rd6,Rh8][%cal
Gf5f6] This ending is complitly winning for white and Fominyh is finishing a
game by exact play:} h6 41. Rg3 Bxh5 42. Rh3 Bd1 43. f6 $1 {[%csl Rh8]} h5 44.
Nf7+ Kg8 45. Nh6+ Kh8 46. Rg3 {[%cal Gg3g8,Gh6f7]} Bg4 $8 47. Nxg4 hxg4 48.
Rxg4 Nd7 49. axb5 axb5 50. Rg6 Nf8 (50... Rf8 51. f7 (51. e4 Nxf6 (51... Rxf6
52. exd5 Rxg6 53. Bxg6 cxd5 54. Be8) 52. e5 Ne4 53. Bxe4 dxe4 54. Rxc6 e3 55.
Kg2 Rf4 56. Rh6+ Kg7 57. Rh1 Rxd4 58. Kf3 Rd5 59. Kxe3 Rxc5 60. Kd4 $18 {_|_ R}
) 51... Nb8 52. e4 dxe4 53. Bxe4 Rxf7 54. Bxc6 $18) 51. Rg7 Ra3 52. Bf5 b4 (
52... Rxb3 53. Rg1 {[%cal Gf6f7]}) 53. Kg2 Rxb3 54. Rg3 Rb2+ 55. Kf3 {[%cal
Gf6f7,Gg3g8]} 1-0

[Event "Bonn GSK"]
[Site "Bonn"]
[Date "1995.??.??"]
[Round "9"]
[White "Piskov, Yury"]
[Black "Kertesz, Alfred"]
[Result "1-0"]
[WhiteElo "2540"]
[BlackElo "2365"]
[Annotator "Von Gleich,A"]
[PlyCount "47"]
[EventDate "1995.??.??"]
[EventType "tourn"]
[EventRounds "11"]
[EventCountry "GER"]
[EventCategory "8"]
[SourceTitle "CBM 045"]
[Source "ChessBase"]
[SourceDate "1995.04.01"]
[SourceVersion "1"]
[SourceVersionDate "1995.04.01"]
[SourceQuality "1"]

1. d4 d5 2. Nf3 c6 3. c4 e6 4. Nc3 f5 (4... Nf6) 5. Qc2 (5. Bf4) 5... Bd6 6.
Bg5 Ne7 (6... Nf6 $2 7. cxd5 exd5 8. Bxf6 Qxf6 9. Nxd5 cxd5 10. Qxc8+) 7. e3
O-O 8. Bd3 Qe8 9. Bxe7 (9. h3 Ng6 10. g4 h6 11. gxf5 exf5 12. Bh4 Nxh4 13. Nxh4
Qh5) 9... Qxe7 10. h3 Qf6 11. g4 $3 dxc4 (11... Na6 12. a3 {die Einschaltung
von Sa6 entwickelt zwar eine Figur, andererseits gewinnt Weiß das wichtige
Feld b4}) 12. Bxc4 fxg4 13. hxg4 Qxf3 14. Qxh7+ Kf7 15. Be2 Qf6 16. Bd3 Bb4 (
16... Ke7 17. f4 Nd7 18. Bg6 Rd8 19. Ne4 Bb4+ 20. Ke2 Qf8) (16... Qg5 17. O-O-O
Ke8 18. Ne4 Qe7 19. Qg6+ Kd7 20. Rh7 $44) 17. O-O-O Bxc3 $22 18. g5 $3 Bxb2+
19. Kb1 Qxg5 (19... Qe7 20. Bg6#) (19... Qf3 20. Be4 Qg2 21. Bg6+ Ke7 22. Qxg7+
) 20. Rdg1 Qf6 21. Rg6 Bxd4 (21... Qf3 22. Rxg7+ Ke8 23. Bg6+ Kd8 24. Qh4+ Qf6
25. Qxf6+ Rxf6 26. Rh8+ Rf8 27. Rxf8#) (21... Qxf2 22. Rf1 Qxf1+ 23. Bxf1 $18)
22. Rxf6+ Bxf6 23. Qh5+ $1 $18 Ke7 24. Qc5+ (24. Qc5+ Kf7 25. Bg6+ $1 Kg8 (
25... Kxg6 26. Qh5#) 26. Rh8+ Kxh8 27. Qxf8#) 1-0